| 000 | 01080nam a2200325 a 4500 | ||
|---|---|---|---|
| 001 | 000004538 | ||
| 003 | DO-SdBNP | ||
| 005 | 20180315111927.0 | ||
| 007 | 000004538 | ||
| 008 | 090723s2009 dr a 001 0 spa d | ||
| 020 | _a9993410403 | ||
| 040 |
_aBPMET _bspa _cBPMET |
||
| 092 |
_a923.2 _bC343j, 2009 |
||
| 100 | 1 | _aCassá, Roberto | |
| 245 | 1 | 0 |
_aJosé Núñez de Cáceres : _bprecursor de la independencia / _cRoberto Cassá. |
| 250 | _a3da. ed. | ||
| 260 |
_aSanto Domingo : _bAlfa y Omega, _c2009 |
||
| 300 |
_a49 p. : _bil. _c21 cm. |
||
| 440 | 0 | _aBiografías Dominicanas TOBOGAN | |
| 500 | _aIncluye índice | ||
| 504 | _aIncluye referencias bibliográficas (p. 49-) | ||
| 600 | 1 | 4 |
_aNÚÑEZ DE CÁCERES, JOSÉ, _d1772-1846 |
| 650 | 4 |
_aREPÚBLICA DOMINICANA _xBIOGRAFÍAS |
|
| 651 | 4 |
_aREPÚBLICA DOMINICANA _xHISTORIA _yOCUPACIÓN HAITIANA, 1922-1844 |
|
| 942 |
_2ddc _cBK |
||
| 945 | _aInventariado, 2018 / BT | ||
| 956 |
_aAVARGAS _b10 _c20090723 _lBND01 _h1455 |
||
| 956 |
_aNMORDAN _b10 _c20090724 _lBND01 _h1003 |
||
| 956 |
_aARIVERA _b10 _c20100709 _lBND01 _h1338 |
||
| 999 |
_c7408 _d7408 |
||